AH International Schools' Libraries

Dangerous games (KHMER) / (Record no. 48893)

MARC details
000 -LEADER
fixed length control field 00267nam a2200097 4500
100 ## - MAIN ENTRY--PERSONAL NAME
Personal name Chem, Sakdeyrolet
9 (RLIN) 86283
245 ## - TITLE STATEMENT
Title Dangerous games (KHMER) /
Statement of responsibility, etc Sakdeyrolet Chem
260 ## - PUBLICATION, DISTRIBUTION, ETC. (IMPRINT)
Place of publication, distribution, etc Cambodia
Name of publisher, distributor, etc PDH Bookshop
Date of publication, distribution, etc 2024
300 ## - PHYSICAL DESCRIPTION
Extent 8 p.
Other physical details col. ill.
Dimensions 28 cm.
942 ## - ADDED ENTRY ELEMENTS (KOHA)
Source of classification or shelving scheme
Koha item type Book
Holdings
Withdrawn status Lost status Source of classification or shelving scheme Damaged status Not for loan Collection code Home library Current library Date acquired Total Checkouts Full call number Barcode Date last seen Date checked out Price effective from Koha item type
          Siem Riep Asian Hope Primary Library Asian Hope Primary Library 05/05/2025 12 KHMER E CHE 207834 01/29/2026 01/22/2026 05/05/2025 Book

For any Logos Library related questions please contact Miss Art at swongnarasuk@asianhope.org.

For any Asian Hope Library related questions please contact Miss Raza at graza@asianhope.org.

Click here to explore our ebooks!

Powered by Koha